000 01021aab a2200253 i 4500
001 768714001
003 CO-MdFUSB
005 20240715090924.0
008 240715t2003 sz ||||| |||| 00| 0 eng d
040 _bspa
_cCO-MdFUSB
041 _aeng
100 1 _aMonro, Anita
_eautor
245 1 0 _aOnly the splendor of light :
_btransfiguration, Exodus 34.29-35; Psalm 99; 2 Corinthians 3.12-4.2; Luke 9.28-36
_c/ Anita Monro
520 _aNuestra oración implica buscar guía y comprensión que nos ayuden a navegar a través de lo desconocido. Al recibir la luz, somos iluminados, tenemos visión, conciencia y fe renovada.
546 _aTexto en inglés.
630 0 7 _aBiblia.
_pAntiguo Testamento
630 0 7 _aBiblia.
_pNuevo Testamento
650 7 _aOración
_986
650 7 _aHermenéutica bíblica
_97333
650 7 _aDios
_9178
773 0 _tReformed World
_049396
_959511
_gVolumen 53, (número 1, 2003) páginas: 17 - 20
_qpágina: 17
942 _cANA
945 _aCatherine Arias Álvarez - Practicante SENA
999 _c55630
_d55630